00818nam a2200217 a 450000100060000000300080000600500170001400800410003103500190007204000450009104100080013608200260014410000320017024500370020226000750023930000280031449000990034250400260044160000340046783000990050164310BD-RjUL20211209081307.0170213s1956 enkc b 000 0beng c a(BD-RjUL)64440 aRochester. Univ. LibrcMSCdBD-RjULbeng aeng 223a823.912bYOF 19561 aYoung, Kenneth,d1916-1985.00aFord Madox Ford /bKenneth Young aLondon :bPublished for the British Council by Longmans, Green,c1956. a43 p. :bill. ;c22 cm.1 aBibliographical series of supplements to British book news on writers and their work ;vno. 74 aIncludes bibliography10aFord, Ford Madox,d1873-1939. 0aBibliographical series of supplements to British book news on writers and their work ;vno. 74